| 000 | 00533nam a2200145 a 4500 | ||
|---|---|---|---|
| 008 | 120416s0000 ||||||||||||||||| || u | ||
| 020 | _a0534030513 | ||
| 050 | _aTJ 265 Per | ||
| 100 | _aPerry, Robert L | ||
| 245 | 1 | 0 | _aSolutions manual for thermodynamics for engineering technology |
| 260 |
_aNorth Scituate, [Mass.] _bBreton Publishers _c1984 |
||
| 300 | _a80p. | ||
| 350 | _a0.00 | ||
| 995 |
_D0.00 _FCBU-MAIN LIBRARY (Kitwe) _H1 _I15.00 _M1 _UDAMAGED _ZMain Library Open Access Collection |
||
| 999 |
_c57903 _d57903 |
||